01625cam a2200337 a 45000010009000000050017000090080041000260100017000670150019000840160018001030200031001210200028001520350024001800400047002040500024002510820019002750820017002941000024003112450051003352600036003863000036004224900026004585040051004845050462005356500026009976500028010239060045010519420012010969990017011089520162011251573991120170105102352.0090515s2009 nyua b 001 0 eng  a 2009020005 aGBA9588842bnb7 a0152911832Uk a9780071622936 (alk. paper) a0071622934 (alk. paper) a(OCoLC)ocn277205742 aDLCcDLCdYDXdBTCTAdYDXCPdUKMdQBXdDLC00aTL448.E44bV64 200900a629.28/77522200a629.25022221 aVogel, Carl,d1967-10aBuild your own electric motorcyclecCarl Vogel aNew York :bMcGraw-Hill,cc2009 axviii, 359 p. :bill. ;c24 cm.0 aTAB green guru guides aIncludes bibliographical references and index.0 aWhy you need to get an electric motorcycle today! -- Electric motorcycles save the environment and energy -- History of the electric motorcycle -- Current electric motorcycles on the market -- Geometry : a basic lesson on rake, trail, and suspension -- Frame and design -- Batteries -- Electric motors -- The motor controller -- The charger and battery management system -- Accessories and converters -- Electrical system and wiring -- The build -- Sources. 0aElectric motorcycles. 0aHome-built motorcycles. a7bcbccorignewd1eecipf20gy-gencatlg 2ddccBK c11958d11958 001040708NFICaCLbCLcGENd2013-07-03eProgressive International Agenciesg2173.64l2o629.28775 VOGpSEECS012552r2019-01-24s2019-01-01w2017-01-05yBK